|
|
|
|
| LEADER |
00000nam0a2200000 4500 |
| 001 |
4439 |
| 005 |
20231030175113.0 |
| 010 |
|
|
|a 585129048X
|
| 035 |
|
|
|a (RuTPU)RU\TPU\book\4463
|
| 035 |
|
|
|a BOOK00004478
|
| 090 |
|
|
|a 4439
|
| 100 |
|
|
|a 20011209d1997 m y0rusy50 ca
|
| 101 |
0 |
|
|a rus
|
| 102 |
|
|
|a RU
|
| 105 |
|
|
|a a z 001zy
|
| 200 |
0 |
|
|a Привлекательная библиотека, или что может реклама
|e Практическое пособие
|h Часть 4
|f С. Г. Матлина
|
| 210 |
|
|
|a Москва
|c Либерея
|d 1997
|
| 215 |
|
|
|a 96 с.
|c ил.
|
| 225 |
1 |
|
|a Приложение к журналу "Библиотека"
|
| 610 |
1 |
|
|a библиотеки
|
| 610 |
1 |
|
|a библиотечное дело
|
| 610 |
1 |
|
|a реклама
|
| 686 |
|
|
|a Ч737
|v LBC/SL-A
|2 rubbk
|
| 700 |
|
1 |
|a Матлина
|b С. Г.
|
| 801 |
|
0 |
|a RU
|b 63413507
|c 20011209
|g PSBO
|
| 801 |
|
2 |
|a RU
|b 63413507
|c 20220714
|g PSBO
|
| 942 |
|
|
|c BK
|